Library Catalog

Canterbury (great work that shapes our world) / (Record no. 492711)

MARC details
000 -LEADER
fixed length control field 01028nam a22002177a 4500
003 - CONTROL NUMBER IDENTIFIER
control field OSt
005 - DATE AND TIME OF LATEST TRANSACTION
control field 20260512120546.0
008 - FIXED-LENGTH DATA ELEMENTS--GENERAL INFORMATION
fixed length control field 260512b |||||||| |||| 00| 0 eng d
020 ## - INTERNATIONAL STANDARD BOOK NUMBER
International Standard Book Number 9781787556911
040 ## - CATALOGING SOURCE
Original cataloging agency Kenya National Library Service
082 ## - DEWEY DECIMAL CLASSIFICATION NUMBER
Classification number 821.1 CHA
100 ## - MAIN ENTRY--PERSONAL NAME
Personal name Chaucer, Geoffrey
Relator term author
245 ## - TITLE STATEMENT
Title Canterbury (great work that shapes our world) /
Statement of responsibility, etc. Geoffrey Chaucer
300 ## - PHYSICAL DESCRIPTION
Extent 575 pages ;
Dimensions 25 cm
520 ## - SUMMARY, ETC.
Summary, etc. Chaucer's finest work begins at the Tabard Inn, where thirty travelers of widely varying classes and occupations are gathering to make the annual pilgrimage to Becket's shrine at Canterbury. It is agreed that each traveler will tell four tales to help pass the time during their long journey, and that the host of the inn will reward the best storyteller with a free supper upon their return.
650 ## - SUBJECT ADDED ENTRY--TOPICAL TERM
Topical term or geographic name entry element Tales Medieval
650 ## - SUBJECT ADDED ENTRY--TOPICAL TERM
Topical term or geographic name entry element English poetry
Form subdivision Middle English
Chronological subdivision 1100-1500
942 ## - ADDED ENTRY ELEMENTS (KOHA)
Source of classification or shelving scheme Dewey Decimal Classification
Koha item type Books
Suppress in OPAC No

No items available.

© 2025, Kenya National Library Service | Designed & Maintained by Uvumbuzi Center